000 01097nam a22003257a 4500
005 20220817043102.0
008 971010s1987 r 00010 d
010 _a65122
011 _a66094
035 _a73998
082 _a631.4
_bB3
100 0 0 _aBarrow, N. J.
_910592
245 _aReactions with variable-charge soils
260 _aDordrecht, Netherlands :
_bMartinus Nijhoff,
_c1987
300 _a191 p.
490 _aDevelopments in plant and soil sciences
_v; 31
500 _a1992-165
590 _aBATCH-UPD
_b10
_c20130110
_lUCH01
_h0448
590 _aBATCH-UPD
_b10
_c20130410
_lUCH01
_h0125
590 _aBATCH-UPD
_b10
_c20130914
_lUCH01
_h0543
590 _aCONVERSION
_b10
_c20130109
_lUCH01
_h1335
650 1 4 _aIones.
_960267
650 1 4 _aProcesamiento automático de datos en suelos.
650 1 4 _aSuelos
_xAdsorción.
_9110194
650 1 4 _aSuelos
_xComposición.
_9110280
650 1 4 _aSuelos
_xModelos matemáticos.
_9110439
830 0 _aDevelopments in plant and soil sciences
_v; 31
_932288
901 _aBK
949 _a631.4 B3
_bF
_cLIBRO
_d-6843
_eLIBRO
_h2894
_i73998
_si
999 _c65122
_d65122